| 000 -ლიდერი |
| ფიქსირებული სიგრძის საკონტროლო ველი |
01338nam a22002417a 4500 |
| 003 - საკონტროლო ნომრის იდენტიფიკატორი |
| საკონტროლო ველი |
Ge_BSU |
| 005 - ბოლო ოპერაციის თარიღი და დრო |
| საკონტროლო ველი |
20251013172400.0 |
| 008 - ფიქსირებული სიგრძის მონაცემთა ელემენტები - ზოგადი ინფორმაცია |
| ფიქსირებული სიგრძის საკონტროლო ველი |
251013s2005 ge ||||| |||| 00| 0 geo d |
| 020 ## - წიგნის საერთაშორისო სტანდარტული ნომერი |
| International Standard Book Number |
9994012592 |
| 041 ## - ენის კოდი |
| Language code of text/sound track or separate title |
geo |
| 080 ## - უნივერსალური ათობითი კლასიფიკაციის ინდექსი |
| Universal Decimal Classification number |
338.22(075.8) : 811.111(075.8) ბ-66 |
| 100 ## - მთავარი ჩანაწერი - პიროვნების სახელი |
| Personal name |
ენუქიძე, რ. |
| 9 (RLIN) |
11867 |
| 245 ## - ცნობა სათაურის შესახებ |
| Title |
ბიზნესის ენა სტუდენტებისათვის = Business English for Students : |
| Remainder of title |
[სახელმძღვანელო] / |
| Statement of responsibility, etc |
რ. ენუქიძე, თ. ჯაში, ც. ბოცვაძე, თ. ჩხეიძე ; რედაქტორი ნანა მამაცაშვილი. |
| 264 ## - წარმოების, გამოცემის, დისტრიბუციის და სხვა ცნობები |
| გამოცემის, წარმოების, დისტრიბუციის... ადგილი |
თბილისი : |
| გამოცემის, წარმოების, დისტრიბუციის... სახელწოდება |
თბილისის უნივერსიტეტის გამომცემლობა, |
| გამოცემის, წარმოების, დისტრიბუციის... თარიღი |
2005. |
| 300 ## - ფიზიკური აღწერა |
| Extent |
228 გვ. : |
| Other physical details |
ილ. ; |
| Dimensions |
28 სმ. |
| 500 ## - ზოგადი შენიშვნა |
| General note |
ყდა ინგლისურ ენაზე. |
| 653 ## - INDEX TERM--UNCONTROLLED |
| Uncontrolled term |
ინგლისური ენა |
| 700 ## - ADDED ENTRY--PERSONAL NAME |
| Personal name |
ჯაში, თ. |
| Relator term |
ავტორი |
| 9 (RLIN) |
26014 |
| 700 ## - ADDED ENTRY--PERSONAL NAME |
| Personal name |
ბოცვაძე, ც. |
| Relator term |
ავტორი |
| 9 (RLIN) |
26015 |
| 700 ## - ADDED ENTRY--PERSONAL NAME |
| Personal name |
ჩხეიძე, თ. |
| Relator term |
ავტორი |
| 9 (RLIN) |
26016 |
| 700 ## - ADDED ENTRY--PERSONAL NAME |
| Personal name |
მამაცაშვილი, ნანა |
| Relator term |
რედაქტორი |
| 9 (RLIN) |
26017 |
| 942 ## - ADDED ENTRY ELEMENTS (KOHA) |
| Source of classification or shelving scheme |
|
| Koha item type |
წიგნი |